000 00739nam a2200205Ia 4500
999 _c40054
_d40054
001 6660
003 GE_BSU
005 20191209105649.0
008 181216s1978||||ge |||||||||||||| ||geo||
040 _cGE_BSU
041 _ageo
080 _a821.353.1-1 გ-26
100 _aგეგეჭკორი, გივი
_95711
245 _aწელიწადის მეხუთე დრო :
_bლექსები /
_cგივი გეგეჭკორი.
264 _aთბილისი :
_bსაბჭოთა საქართველო,
_c1978.
300 _a236 გვ. ;
_c20 სმ.
653 _aლექსები
653 _aწელიწადის მეხუთე დრო
942 _cBK
_2udc